00624cam a2200205 4500001001300000003000400013005001700017008004100034010002200075025002000097050002200117082001100139100003700150245006200187260004000249300003200289504005300321650002700374999001700401sa 68013849 DLC20260227112626.0691209s1968 ii a b 00110 eng  asa 68013849 //r86 aPL480:I-E-109240 aSB931b.C524 1968 a632/.710aChandra, Jagat Pal Singh,d1927-10aInsecticides and pest control,cby J. P. Singh 'Chandra'.0 aBombay,bCurrent Book Housec[1968] avii, 245 p.billus.c22 cm. a"Select bibliography in entomology": p. 240-242. 0aInsect pestsxControl. c85398d85398